Animaes nossos amigos (Record no. 45818)

MARC details
000 -Etiqueta do registo
Valores 00654cam a22002171 4500
100 ## - Dados gerais de processamento
Dados gerais 19960224f19101920km y0pory5003 ba
101 0# - Língua de publicação
Língua por
102 ## - País de publicação
País PT
200 0# - Titulo e menção de responsabilidade
Título próprio Animaes nossos amigos
Informação de outro título versos de Affonso Lopes Vieira
Primeira menção de responsabilidade de Affonso Lopes Vieira
Outras menções de responsabilidade ilustracões de Raul Lino
210 #9 - Publicação
Local de publicação Lisboa
Nome do editor Livraria ferreira
Data de publicação 1911
215 ## - Descrição física 
Paginação / Volumes 87 p.
Outras indicações físicas il.
500 10 - Título uniforme
Título uniforme Animais nossos amigos
675 ## - CDU
Notação 087.5
Edição BN
Língua por
675 ## - CDU
Notação 821.134.3-93"19"
Edição BN
Língua por
675 ## - CDU
Notação 821.134.3-1"19"
Edição BN
Língua por
700 #1 - Autor principal
Apelido Vieira,
Nome Afonso Lopes,
Datas 1878-1946
702 #1 - Autor secundário
Apelido Lino,
Nome Raúl,
Datas 1879-1974
Função 440
801 #0 - Fonte de origem
País PT
Agência BN
Regras de catalogação RPC
990 ## - Elementos KOHA
Tipo de documento Livro
Holdings
Aquisição Empréstimo Código de barras Cota Permissão de empréstimo Tipo de documento Nota relativa ao exemplar
Biblioteca Municipal de Redondo Biblioteca Municipal de Redondo 057050 82-93 VIE   Livro Animaes [Sic]

Powered by Koha